<?xml version="1.0" encoding="UTF-8"?>
<record
    xmlns:xsi="http://www.w3.org/2001/XMLSchema-instance"
    xsi:schemaLocation="http://www.loc.gov/MARC21/slim http://www.loc.gov/standards/marcxml/schema/MARC21slim.xsd"
    xmlns="http://www.loc.gov/MARC21/slim">

  <leader>00483    a2200121   4500</leader>
  <datafield tag="082" ind1=" " ind2=" ">
    <subfield code="a">302.2</subfield>
    <subfield code="b">ARY/LI</subfield>
  </datafield>
  <datafield tag="100" ind1=" " ind2=" ">
    <subfield code="a">Arya Krishna, K G</subfield>
  </datafield>
  <datafield tag="245" ind1=" " ind2=" ">
    <subfield code="a">Livelihood support for tribal population in kerala through planned assistance : An evaluation of the tribal sub plan (TSP) in the agricultural sector</subfield>
  </datafield>
  <datafield tag="260" ind1=" " ind2=" ">
    <subfield code="a">Vellanikkara</subfield>
    <subfield code="b">Dept. of Agricultural Extension, College of Horticulture, KAU</subfield>
    <subfield code="c">2020</subfield>
  </datafield>
  <datafield tag="650" ind1=" " ind2=" ">
    <subfield code="a">Agricultural Extension</subfield>
  </datafield>
  <datafield tag="700" ind1=" " ind2=" ">
    <subfield code="a">Dr. Jiju P Alex (Guide)</subfield>
  </datafield>
  <datafield tag="942" ind1=" " ind2=" ">
    <subfield code="c">TH</subfield>
  </datafield>
  <datafield tag="999" ind1=" " ind2=" ">
    <subfield code="c">199741</subfield>
    <subfield code="d">199741</subfield>
  </datafield>
  <datafield tag="952" ind1=" " ind2=" ">
    <subfield code="0">0</subfield>
    <subfield code="1">0</subfield>
    <subfield code="2">ddc</subfield>
    <subfield code="4">0</subfield>
    <subfield code="7">0</subfield>
    <subfield code="a">KAUCOA</subfield>
    <subfield code="b">KAUCOA</subfield>
    <subfield code="d">2021-01-08</subfield>
    <subfield code="l">0</subfield>
    <subfield code="o">302.2 ARY/LI</subfield>
    <subfield code="p">KAU_COA-T-2044</subfield>
    <subfield code="r">2021-01-08 00:00:00</subfield>
    <subfield code="w">2021-01-08</subfield>
    <subfield code="y">TH</subfield>
  </datafield>
</record>
